01058nam a2200301Ia 450000500170000000800410001702000180005804100080007610000220008424500680010625000180017430000490019249000450024152100340028653400190032065000470033965000450038665000370043165000350046865000360050370000340053926400490057333600270062233700330064933800280068204000350071008400110074520220317001711.0170328s2013 m a g 000 0 s  a9789681642013 aspa1 aAlexander, Martha10aLola y LalocMartha Alexander ; traducido por Francisco Segovia a1a. edición a[14] páginasbilustraciones a colorc14 cm aLos especiales de A la orilla del viento aRecomendado desde los 6 Meses tLily and Billy142LEMBaÁlbumes infantiles estadounidenses142LEMBaLiteratura infantil estadounidense142LEMBaMuñecos en la literatura142LEMBaAmistad en la literatura142LEMBaPeluches en la literatura1 aSegovia, Franciscoetraductor aMéxicobFondo de Cultura Económicac2013 atextobtxt2rdacontent asin mediaciónbn2rdamedia avolumenbnc2rdacarrier aCO-BoRNBPbspaerdacCO-BoRNBP aA ALE2